LIBRARY ONLINE CATALOGUE

Teaching and assessing skills in English as a second language / (Record no. 10979)

MARC details
000 -LEADER
fixed length control field 00601nam a22001932 4500
001 - CONTROL NUMBER
control field 0000008830
005 - DATE AND TIME OF LATEST TRANSACTION
control field 20151217154405.0
008 - FIXED-LENGTH DATA ELEMENTS--GENERAL INFORMATION
fixed length control field 080611s xx 000 0 eng d
020 ## - INTERNATIONAL STANDARD BOOK NUMBER
International Standard Book Number 0521753562 :
Terms of availability KES
040 ## - CATALOGING SOURCE
Original cataloging agency KABU
Transcribing agency KABU
100 1# - MAIN ENTRY--PERSONAL NAME
Personal name Lucatoni, Peter.
-- 0000159604
245 10 - TITLE STATEMENT
Title Teaching and assessing skills in English as a second language /
Statement of responsibility, etc. Peter Lucantoni.
260 ## - PUBLICATION, DISTRIBUTION, ETC. (IMPRINT)
Place of publication, distribution, etc. Cambridge :
Name of publisher, distributor, etc. C. U. P,
Date of publication, distribution, etc. 2002.
300 ## - PHYSICAL DESCRIPTION
Extent vi, 82 p.
650 #0 - SUBJECT ADDED ENTRY--TOPICAL TERM
Topical term or geographic name as entry element English Lnaguage
General subdivision Study and teaching.
-- 0000159605
908 ## - PUT COMMAND PARAMETER (RLIN)
Put command parameter 080611
950 ## - LOCAL HOLDINGS (RLIN)
-- 1
Holdings
Withdrawn status Lost status Source of classification or shelving scheme Not for loan Home library Current library Date acquired Total Checkouts Full call number Barcode Date last seen Price effective from Koha item type
    Library of Congress Classification   Kabarak, Main Campus Kabarak, Main Campus 17/12/2015   PE1128 .A2L86 c. 1 012262 17/12/2015 17/12/2015 General Collection